• 首页
  • 本馆介绍
  • 公告通知
  • 最新文献
  • 馆藏检索
  • 电子资源
  • 读者导购
  • 参考咨询
  • 我的图书馆
  • 登录
  • 详细信息显示
  • 放入我的书架
  • 预约/预借图书
  • 作者相关作品
  • 分类相关作品
  • 丛书相关作品
  • 出版社相关作品

书目信息

  • 表格格式
  • 工作单格式
  • 卡片格式
题名:
足球技战术分级教学研究
    
 
作者: 朱宏庆 著
分册:  
出版信息: 济南   山东大学出版社  2010
页数: 202页
开本: 21cm
丛书名:
单 册:
中图分类: G843.1
科图分类:
主题词: 足球运动--运动技术--教学研究 , 足球运动 , 运动技术 , 教学研究
电子资源:
ISBN: 978-7-5607-4084-3
000 00902nam0 2200265 45
001 1132066890
005 20110314090626.34
010    @a978-7-5607-4084-3@dCNY12.00
100    @a20110121d2010 em y0chiy50 ea
101 0  @achi
102    @aCN@b370000
105    @aa z 000yy
106    @ar
200 1  @a足球技战术分级教学研究@AZu Qiu Ji Zhan Shu Fen Ji Jiao Xue Yan Jiu@f朱宏庆著@FZhu Hong Qing Zhu
210    @a济南@c山东大学出版社@d2010
215    @a202页@c图@d21cm
330    @a本书内容包括:足球运动概述、现代足球战术分级教学、足球技战术分级教学理论、足球技战术分级教学实践、足球技术分级教学、足球战术分级教学、足球技战术分级教学研究,
606 0  @a足球运动@x运动技术@x教学研究
606 0  @a足球运动
606 0  @a运动技术
606 0  @a教学研究
690    @aG843.1@v4
701  0 @a朱宏庆@AZhu Hong Qing@4著
801  0 @aCN@bTANGWEI@c20110314
905    @b0532235-38@dG843.1@e359@f4
    
    足球技战术分级教学研究/朱宏庆著.-济南:山东大学出版社,2010
    202页:图;21cm
    
    
    ISBN 978-7-5607-4084-3:CNY12.00
    本书内容包括:足球运动概述、现代足球战术分级教学、足球技战术分级教学理论、足球技战术分级教学实践、足球技术分级教学、足球战术分级教学、足球技战术分级教学研究,
●
相关链接 在E读中查询图书 在五车中查询图书 在当当中查询图书 在豆瓣中查询图书


正题名:足球技战术分级教学研究     索取号:G843.1/359         预约/预借

序号 登录号 条形码 馆藏地/架位号 状态 备注
1 0532235   205322355   第一样本阅览室/ [索取号:G843.1/359] 在馆    
2 0532236   205322364   第四借阅区/ [索取号:G843.1/359] 在馆    
3 0532237   205322373   第四借阅区/ [索取号:G843.1/359] 在馆    
4 0532238   205322382   第四借阅区/ [索取号:G843.1/359] 在馆    
唐山师范学院图书馆 欢迎您!
大连网信软件有限公司© 版权所有